| 000 | 00471nam a22001817a 4500 | ||
|---|---|---|---|
| 003 | 330010 | ||
| 005 | 20251031163831.0 | ||
| 008 | 251031b sa ||||| |||| 00| 0 eng d | ||
| 020 |
_a9781868913770 _qpbk |
||
| 040 | _c3228 | ||
| 082 | 0 | _aST 621.3 FISH | |
| 100 | _a MOOLMAN, C L | ||
| 245 |
_aX-Kit Undergraduate : _bElectrical Engineering |
||
| 250 | _a1st Ed. | ||
| 260 |
_aJohannesburg _bHeinemann _c2006 |
||
| 300 |
_axiii, 332 pages _c28 cm |
||
| 942 |
_2ddc _cBOOK _w190 _xDudu Mondlane _y190 _zDudu Mondlane |
||
| 999 |
_c788356 _d788355 |
||